<?xml version="1.0" encoding="UTF-8"?><?xml-stylesheet type="text/xsl" href="static/style.xsl"?><OAI-PMH xmlns="http://www.openarchives.org/OAI/2.0/" xmlns:xsi="http://www.w3.org/2001/XMLSchema-instance" xsi:schemaLocation="http://www.openarchives.org/OAI/2.0/ http://www.openarchives.org/OAI/2.0/OAI-PMH.xsd"><responseDate>2026-04-14T03:01:27Z</responseDate><request verb="GetRecord" identifier="oai:www.recercat.cat:20.500.12328/5142" metadataPrefix="marc">https://recercat.cat/oai/request</request><GetRecord><record><header><identifier>oai:recercat.cat:20.500.12328/5142</identifier><datestamp>2025-11-21T03:04:26Z</datestamp><setSpec>com_2072_67741</setSpec><setSpec>col_2072_484352</setSpec></header><metadata><record xmlns="http://www.loc.gov/MARC21/slim" xmlns:dcterms="http://purl.org/dc/terms/" xmlns:xsi="http://www.w3.org/2001/XMLSchema-instance" xmlns:doc="http://www.lyncode.com/xoai" xsi:schemaLocation="http://www.loc.gov/MARC21/slim http://www.loc.gov/standards/marcxml/schema/MARC21slim.xsd">
   <leader>00925njm 22002777a 4500</leader>
   <datafield ind2=" " ind1=" " tag="042">
      <subfield code="a">dc</subfield>
   </datafield>
   <datafield ind2=" " ind1=" " tag="720">
      <subfield code="a">Mezquita, Belén</subfield>
      <subfield code="e">author</subfield>
   </datafield>
   <datafield ind2=" " ind1=" " tag="720">
      <subfield code="a">Martín-Delgado, Leandra</subfield>
      <subfield code="e">author</subfield>
   </datafield>
   <datafield ind2=" " ind1=" " tag="720">
      <subfield code="a">wennberg capellades, laia</subfield>
      <subfield code="e">author</subfield>
   </datafield>
   <datafield ind2=" " ind1=" " tag="720">
      <subfield code="a">Borrego, Ángel</subfield>
      <subfield code="e">author</subfield>
   </datafield>
   <datafield ind2=" " ind1=" " tag="260">
      <subfield code="c">2025-07</subfield>
   </datafield>
   <datafield ind2=" " ind1=" " tag="520">
      <subfield code="a">Background: Researchers have traditionally used commercial databases such as Scopus and Web of Science to track scholarly literature and ascertain the impact of publications in terms of citations. In recent years, new open data sources, such as&#xd;
OpenAlex, have appeared, which broaden the array of tools accessible for exploring academic literature.&#xd;
Objective: This study compares the coverage of scholarly nursing literature by OpenAlex, Scopus, and Web of Science in&#xd;
terms of journals, articles, and citations indexed.&#xd;
Methods: A list of nursing journals indexed by OpenAlex, Scopus, and Web of Science was compiled to compare the titles&#xd;
covered in terms of country of publication, publisher, and open access availability. Citations of nursing articles published&#xd;
between 2000 and 2022 in the three sources were also analyzed.&#xd;
Results: OpenAlex indexes nearly all the journals covered by Scopus and Web of Science, plus additional sources from countries outside the Western world. In terms of individual articles, OpenAlex indexes more citations than Scopus and Web of&#xd;
Science.&#xd;
Conclusion: OpenAlex is a comprehensive source for tracking nursing literature. Currently, its main limitation lies in the&#xd;
lack of a user-friendly web interface, as the need to use an API for data retrieval can complicate the search process for&#xd;
end users.</subfield>
   </datafield>
   <datafield ind1="8" ind2=" " tag="024">
      <subfield code="a">Mezquita, Belén; Martín-Delgado, Leandra; Wennberg-Capellades, Laia[et al.]. A Comparison of OpenAlex With Scopus and Web of Science for Tracking Scholarly Nursing Literature. Open Nursing, 2025, 11. Disponible en &lt;https://pmc.ncbi.nlm.nih.gov/articles/PMC12280546/>. Fecha de acceso: 19 nov. 2025. DOI: 10.1177/23779608251361012</subfield>
   </datafield>
   <datafield ind1="8" ind2=" " tag="024">
      <subfield code="a">2377-9608</subfield>
   </datafield>
   <datafield ind1="8" ind2=" " tag="024">
      <subfield code="a">http://hdl.handle.net/20.500.12328/5142</subfield>
   </datafield>
   <datafield ind1="8" ind2=" " tag="024">
      <subfield code="a">https://dx.doi.org/10.1177/23779608251361012</subfield>
   </datafield>
   <datafield tag="653" ind2=" " ind1=" ">
      <subfield code="a">Bibliometrics</subfield>
   </datafield>
   <datafield tag="653" ind2=" " ind1=" ">
      <subfield code="a">Citation analysis</subfield>
   </datafield>
   <datafield tag="653" ind2=" " ind1=" ">
      <subfield code="a">Databases</subfield>
   </datafield>
   <datafield tag="653" ind2=" " ind1=" ">
      <subfield code="a">Bibliometría</subfield>
   </datafield>
   <datafield tag="653" ind2=" " ind1=" ">
      <subfield code="a">Análisis de citas</subfield>
   </datafield>
   <datafield tag="653" ind2=" " ind1=" ">
      <subfield code="a">Bases de datos</subfield>
   </datafield>
   <datafield tag="653" ind2=" " ind1=" ">
      <subfield code="a">Bibliometria</subfield>
   </datafield>
   <datafield tag="653" ind2=" " ind1=" ">
      <subfield code="a">Anàlisi de cites</subfield>
   </datafield>
   <datafield tag="653" ind2=" " ind1=" ">
      <subfield code="a">Bases de dades</subfield>
   </datafield>
   <datafield ind2="0" ind1="0" tag="245">
      <subfield code="a">A Comparison of OpenAlex With Scopus and Web of Science for Tracking Scholarly Nursing Literature</subfield>
   </datafield>
</record></metadata></record></GetRecord></OAI-PMH>